Famous dutch people Quiz Stats

 Plays Quiz not verified by Sporcle

Challenge
Share
Tweet
Embed
Score 0/14 Timer 04:00
0 Plays Today
% Correct
Anne Frank
100%
Rembrandt
96.9%
Vincent van Gogh
96.9%
Abel Tasman
96.9%
Beatrix
96.9%
Willem-Alexander
96.9%
Paul Verhoeven
93.8%
% Correct
Abraham van Helsing
90.6%
Antoni van Leeuwenhoek
84.4%
Rutger Hauer
84.4%
Adrian
81.3%
Richard Krajicek
78.1%
Rik Smits
71.9%
Arie Luyendyk
62.5%

You're not logged in!

Compare scores with friends on all Sporcle quizzes.
Join for Free
OR
Log In

You Might Also Like...

Show Comments

Extras

Top Quizzes Today


Score Distribution

Your Account Isn't Verified!

In order to create a playlist on Sporcle, you need to verify the email address you used during registration. Go to your Sporcle Settings to finish the process.

Report this User

Report this user for behavior that violates our Community Guidelines.

Details: